• 首页
  • 本馆介绍
  • 公告通知
  • 最新文献
  • 馆藏检索
  • 电子资源
  • 读者导购
  • 参考咨询
  • 我的图书馆
  • 登录
  • 详细信息显示
  • 放入我的书架
  • 预约/预借图书
  • 作者相关作品
  • 分类相关作品
  • 丛书相关作品
  • 出版社相关作品

书目信息

  • 表格格式
  • 工作单格式
  • 卡片格式
题名:
声成像
    
 
作者: 韦德 著 ;上海交通大学声全息研究室 译
分册:  
出版信息: 北京   国防工业出版社  1981
页数: 240页
开本: 21cm
丛书名:
单 册:
中图分类: TB5
科图分类:
主题词: 声学--工程 , 声全息照相
电子资源:
ISBN:
000 00896nam0 2200265 45
001 0181000263
005 20060425145250.56
010    @dCNY0.99
091    @a15034.2209
100    @a19950527d1981 emky0chiy0121 ea
101 1  @achi@ceng
102    @aCN@b310000
105    @ay z 000yy
200 10 @a声成像@Asheng cheng xiang@e照像机,显微镜,相控阵和全息系统@f(美)G·韦德著@F(mei)G·wei de zhu@g上海交通大学声全息研究室译
210    @a北京@c国防工业出版社@d1981
215    @a240页@d21cm
517 1  @a照像机,显微镜,相控阵和全息系统@Azhao xiang ji , xian wei jing , xiang kong zhen he quan xi xi tong
606 0  @a声学@x工程
606    @a声全息照相
690    @aTB5@v3
701  0 @a韦德@Awei de@4著
712 02 @a上海交通大学声全息研究室@Ashang hai jiao tong da xue sheng quan xi yan jiu shi@4译
801  0 @aCN@bTSSF@c20060425
801  2 @aCN@bNLC@c20051206
905    @a10447@dTB5@e1
    
    声成像:照像机,显微镜,相控阵和全息系统/(美)G·韦德著/上海交通大学声全息研究室译.-北京:国防工业出版社,1981
    240页;21cm
    
    
    ISBN :CNY0.99
    
●
相关链接 在E读中查询图书 在五车中查询图书 在当当中查询图书 在豆瓣中查询图书


正题名:声成像     索取号:TB5/1         预约/预借

序号 登录号 条形码 馆藏地/架位号 状态 备注
1 0055214   202288096   密集书库/ [索取号:TB5/1] 在馆    
2 0055215   202153926   密集书库/ [索取号:TB5/1] 在馆    
3 0055216   202288087   密集书库/ [索取号:TB5/1] 在馆    
4 0055217   202154042   密集书库/ [索取号:TB5/1] 在馆    
5 0055218   202155103   密集书库/ [索取号:TB5/1] 在馆    
唐山师范学院图书馆 欢迎您!
大连网信软件有限公司© 版权所有